| 000 | 00524nam a2200205 a 4500 | ||
|---|---|---|---|
| 001 | 17199 | ||
| 005 | 20180713210315.0 | ||
| 008 | 140415s1989 sp 000 0 spa d | ||
| 020 | _a8474902304 | ||
| 041 | _aspa | ||
| 082 |
_a291.4 _bBEN |
||
| 100 | 1 | _aBENSON, ROBERT HUG | |
| 245 | 1 | 3 | _aLA AMISTAD DE CRISTO |
| 250 | _a1a ed. | ||
| 260 |
_aESPAÑA : _bENCUENTRO, _c1989 |
||
| 300 | _a165 | ||
| 490 |
_aLIBROS DE BOLSILLO _v54 |
||
| 650 | 1 | 4 | _aESPIRITUALIDAD |
| 700 | 1 |
_aMARTIN PINDADO, VICENTE _etr. |
|
| 999 |
_c17199 _d17199 |
||